000 01107nam a22003257a 4500
003 CHAP
005 20220329134103.0
008 971013s1978 r 00010 d
010 _a15186
011 _a16158
035 _a20236
040 _cCHAP
090 _aFolleto 6588
100 0 0 _aHeslop-Harrison, J.
_955038
245 _aCellular recognition system in plants
260 _aBaltimore, Md. :
_bUniv. Park,
_c1978
300 _a60 p.
_b: ilus. ; gráfs.
490 _aInstitute of Biology's. Studies in biology
_v; 100
590 _aBATCH-UPD
_b10
_c20130110
_lUCH01
_h1049
590 _aBATCH-UPD
_b10
_c20130410
_lUCH01
_h0646
590 _aBATCH-UPD
_b10
_c20130914
_lUCH01
_h0944
590 _aCONVERSION
_b10
_c20130109
_lUCH01
_h1310
650 1 4 _aCitología e histología vegetales.
_923495
830 0 _aInstitute of Biology's. Studies in biology
_v; 100
_959025
901 _aBK
942 _cFOLL
949 _aFolleto 6588
_bBC
_cFOLL
_d-47209
_eTS1
_i20236
_si
949 _aFolleto 6588
_bBC
_cFOLL
_d-47211
_eTS2
_fc.2
_i20236
_si
949 _aFolleto 6588
_bBC
_cFOLL
_d-47212
_eTS2
_fc.3
_i20236
_si
999 _c15186
_d15186